000 00632nam a2200205Ia 4500
003 GCL
008 140319s9999 xx 000 0 ara d
040 _aGCL /
_cGCL
082 0 4 _a889.03
_bف م
100 1 _aعبدالمحسن الخشاب
245 1 0 _aالمشتغلون بالقطن /
_cعبدالمحسن الخشاب
700 1 _aفيليبوس، جورجيوس
300 _a140 ص
490 _a
650 0 4 _aالادب اليونانى
650 0 4 _aالادب اليونانى المترجم
650 0 4 _aالقصة اليونانية
650 0 4 _aالادب اليونانى الحديث
942 _2ddc
_cBK
999 _c38170
_d38170